|
|
|
|
| LEADER |
01293nam a22003852a 4500 |
| 001 |
001434010 |
| 003 |
CZ BrMZK |
| 005 |
20150416134924.0 |
| 007 |
ta |
| 008 |
141104s2013 gw ace e 000 0 eng |
| 020 |
|
|
|a 978-3-03768-140-4
|q (váz.)
|
| 040 |
|
|
|a BOA001
|b cze
|
| 041 |
1 |
|
|a eng
|a ger
|h ger
|
| 072 |
|
7 |
|a 72
|x Architektura
|2 Konspekt
|9 21
|
| 080 |
|
|
|a 725.5
|2 MRF
|
| 080 |
|
|
|a 725.51
|2 MRF
|
| 080 |
|
|
|a 72.012.2
|2 MRF
|
| 080 |
|
|
|a (048.8)
|2 MRF
|
| 080 |
|
|
|a (084.12)
|2 MRF
|
| 100 |
1 |
|
|a Nickl-Weller, Christine,
|d 1951-
|7 xx0071944
|4 aut
|
| 245 |
1 |
0 |
|a Healing architecture /
|c Christine Nickl-Weller, Hans Nickl
|
| 250 |
|
|
|a 1st ed.
|
| 260 |
|
|
|a [Salenstein] :
|b Braun,
|c 2013
|
| 300 |
|
|
|a 343 s. :
|b il. (převážně barev.), portréty, plány ;
|c 25 cm
|
| 546 |
|
|
|a Souběžný německý text
|
| 650 |
0 |
7 |
|a zdravotnická zařízení
|7 ph116744
|2 czenas
|
| 650 |
0 |
7 |
|a nemocniční budovy
|2 czenas
|
| 650 |
0 |
7 |
|a architektonické projekty
|7 ph137760
|2 czenas
|
| 655 |
|
7 |
|a monografie
|7 fd132842
|2 czenas
|
| 655 |
|
7 |
|a fotografické publikace
|7 fd132276
|2 czenas
|
| 700 |
1 |
|
|a Nickl, Hans
|7 xx0071945
|4 aut
|
| 910 |
|
|
|a BOA001
|b 2-1335.054
|
| 990 |
|
|
|a BK
|
| 991 |
|
|
|b 201501
|c NOV
|e n
|
| 996 |
6 |
|
|b 2610610446
|c 2-1335.054
|l MZK
|r STM 6p
|n 1
|p kup
|h 72 NIC
|w 001468669
|u 000010
|a 0
|e BOA001
|j MZK50
|s P
|